000 00577cam a22002291 4500
001 sa 65002102
003 DLC
005 20260227112114.0
008 890621s1964 xx 000 0 tamo
010 _asa 65002102
035 _a(OCoLC)23548244
040 _aDLC
_cMiU
_dDLC
042 _apremarc
050 0 0 _aTK6544
_b.K49
100 2 _aKhan Mohamed, M.
245 1 0 _aRēṭiyō akarāti.
260 _c[1964]
300 _a124 p.
_c22 x 10 cm.
500 _aRomanized.
650 0 _aRadio
_xDictionaries
_xTamil.
650 0 _aEnglish language
_xDictionaries
_xTamil.
999 _c62446
_d62446